mysqli: Table './ulib62015/stat_globaluid' is marked as crashed and should be repaired
select id from stat_globaluid where statuid='20260517173840_2204'
mysqli: Table './ulib62015/stat_globaluid' is marked as crashed and should be repaired
DELETE FROM stat_globaluid
WHERE id NOT IN (
SELECT id
FROM (
SELECT id
FROM stat_globaluid
ORDER BY id DESC
LIMIT 100
) foo
);
mysqli: Table './ulib62015/stat_globaluid' is marked as crashed and should be repaired
insert into stat_globaluid set
statuid='20260517173840_2204',
dt='1779014320',
phpself='/ULIB62015/dublinfull.php',
agent='Mozilla/5.0 AppleWebKit/537.36 (KHTML, like Gecko; compatible; ClaudeBot/1.0; +claudebot@anthropic.com)',
yea='2026',
mon='5',
dat='17',
ip='216.73.216.45'
mysqli: Table './ulib62015/stathist_viewbib_bib_type' is marked as crashed and should be repaired
insert into stathist_viewbib_bib_type set
dat='17' ,
mon='05' ,
yea='2026' ,
statuid='20260517173840_2204' ,
head='21486' ,
foot='marc' ,
dt='1779014320'
| LEADER : 01174nam 2200277 a 4500 |
| 001 21486 |
| 003 ULIB |
| 008 030417s2004 caua sb 001 0 eng |
| 050 ^a680 |
| 060 ^aน662ร |
| 082 ^aWC |
| 100 ^aนิภา จรูญเวสม์ |
| 245 ^aโรคเขตร้อน |
| 913 ^aImported by ULIBM Administrator |
| 945 ^p150^l0^i000884
|
| 945 ^p0^l0^i000882
|
| 945 ^p0^l0^i000886 |
| 949 ^aImport form external file by ULIBM system |
| คุณยังไม่ได้ล็อกอิน คุณสามารถมีกิจกรรมร่วมกับเว็บไซต์ได้ แต่ต้องล็อกอินก่อน :: |
|
|
|
| ลำดับที่ |
ประเภท |
เลขเรียก/บาร์โค้ด |
สถานที่ |
สถานะ |
| 1. |
 หนังสือ | WC 680 น662ร 2004 ฉ.1 Barcode: 000882 | หนังสือทั่วไป | บนชั้น ขอยืม |
| 2. |
 หนังสือ | WC 680 น662ร 2004 ฉ.3 Barcode: 000884 | หนังสือทั่วไป | บนชั้น ขอยืม |
| 3. |
 หนังสือ | WC 680 น662ร 2004 ฉ.5 Barcode: 000886 | หนังสือทั่วไป | บนชั้น ขอยืม |
|
ยังไม่เคยถูกคอมเมนท์
|
| คอมเมนท์ทรัพยากรรายการนี้ |
|